| 000 | 01073nam a2200301 a 4500 | ||
|---|---|---|---|
| 001 | 000048638 | ||
| 003 | DO-SdBNP | ||
| 005 | 20250402151952.0 | ||
| 007 | ta | ||
| 008 | 190404s2015 dr 000 0 spa d | ||
| 020 | _a9789945130973 | ||
| 040 |
_aDO-SdBNP _bspa _cBNPHU _erda |
||
| 082 | 4 |
_a641.597293 _bN714fo _222 |
|
| 100 | 1 |
_aNina, Juan B., _d1959- _eautor _q(Juan Bautista) _4aut. _99246 |
|
| 245 | 1 | 0 |
_aFolklore gastronómico del Este : _b(historia y recetas de la Región Este de la República Dominicana) ; La cocina cocola / _cJuan B. Nina. |
| 264 | 1 |
_aSanto Domingo : _bTalleres Gráficos Dalis, _c2015. |
|
| 300 |
_a148 páginas ; _c23 cm. |
||
| 336 |
_atexto _btxt _2rdacontent |
||
| 337 |
_asin mediación _bn _2rdamedia |
||
| 338 |
_avolumen _bnc _2rdacarrier |
||
| 500 | _aIncluye datos biográficos del autor en la contracubierta | ||
| 590 | _aInventariado, 2019/VM | ||
| 650 | 4 |
_aComida dominicana _982492 |
|
| 650 | 4 |
_aPreparación de alimentos _9193 |
|
| 740 | 3 | _aLa cocina cocola | |
| 910 | _aValidado. Control de calidad MFF | ||
| 942 |
_2ddc _cLBS1 |
||
| 999 |
_c48126 _d48126 |
||